[Event "BPB Limburg open C"]
[Site "Maastricht"]
[Date "2014.06.09"]
[Round "6"]
[White "Mitran, Ovi"]
[Black "Van Ginneken, Maikel"]
[Result "0-1"]
[WhiteElo "1612"]
[BlackElo "1453"]
[PlyCount "48"]
[EventDate "2014.06.06"]
[EventType "swiss"]
[EventRounds "7"]
[EventCountry "NED"]
[Source "P.Boonen"]
[SourceDate "2014.10.10"]

1. Nf3 f5 2. d4 e6 3. b3 Nf6 4. Bb2 b6 5. g3 Bb7 6. Bg2 Be7 7. c4 O-O 8. Nc3 d6
9. Qc2 Kh8 10. O-O Nbd7 11. Rfe1 Qe8 12. Ng5 Bxg2 13. Kxg2 e5 14. Ne6 exd4 15.
Nxc7 Qc8 16. Nxa8 dxc3 17. Nxb6 Qc6+ 18. f3 cxb2 19. Qxb2 Qxb6 20. h4 Ne5 21.
Qc2 Nfg4 22. fxg4 Nxg4 23. Kh3 Qf2 24. Rh1 Rf6 0-1

[Event "BPB Limburg open C"]
[Site "Maastricht"]
[Date "2014.06.09"]
[Round "6"]
[White "Mollema, Henk"]
[Black "Welling, Sophie"]
[Result "0-1"]
[WhiteElo "1568"]
[BlackElo "1633"]
[PlyCount "96"]
[EventDate "2014.06.06"]
[EventType "swiss"]
[EventRounds "7"]
[EventCountry "NED"]
[Source "P.Boonen"]
[SourceDate "2014.10.10"]

1. e4 c5 2. Nc3 e6 3. f4 Nc6 4. Nf3 a6 5. g3 d6 6. Bg2 Nf6 7. O-O Be7 8. d3 O-O
9. h3 Qc7 10. g4 b5 11. g5 Nh5 12. Nh2 g6 13. Bf3 Ng7 14. h4 Nd4 15. Bg2 Bb7
16. Ne2 Nxe2+ 17. Qxe2 d5 18. Ng4 f5 19. exf5 exf5 20. Ne5 d4 21. Re1 Bd6 22.
Bf3 Bxf3 23. Qxf3 Rae8 24. Qd5+ Kh8 25. Bd2 Bxe5 26. fxe5 f4 27. Kf2 Qc8 28.
Qf3 Qf5 29. Re4 Nh5 30. Rae1 Re6 31. Kg2 Qf7 32. Rf1 Qb7 33. Kh2 Kg7 34. Qg4
Rfe8 35. Bxf4 Nxf4 36. Qxf4 Qc7 37. Kg1 Rxe5 38. Rfe1 Rxg5+ 39. hxg5 Qxf4 40.
Rxf4 Rxe1+ 41. Kf2 Re6 42. Kf3 h6 43. Re4 Rxe4 44. gxh6+ Kxh6 45. dxe4 Kg5 46.
b3 Kf6 47. a3 Ke5 48. b4 c4 0-1

[Event "BPB Limburg open C"]
[Site "Maastricht"]
[Date "2014.06.09"]
[Round "6"]
[White "Montforts, Ton"]
[Black "Widlak, Marc"]
[Result "1-0"]
[WhiteElo "1650"]
[BlackElo "1391"]
[PlyCount "69"]
[EventDate "2014.06.06"]
[EventType "swiss"]
[EventRounds "7"]
[EventCountry "NED"]
[Source "P.Boonen"]
[SourceDate "2014.10.10"]

1. d4 Nf6 2. Nf3 d5 3. e3 e6 4. Bd3 c5 5. b3 Nc6 6. Bb2 Bd6 7. Ne5 O-O 8. O-O
cxd4 9. exd4 Qb6 10. a3 Nd7 11. Re1 Ncxe5 12. dxe5 Bc5 13. Qe2 f5 14. Nc3 a6
15. Na4 Qc7 16. Nxc5 Nxc5 17. Rad1 b5 18. Bd4 Bb7 19. Qe3 Rac8 20. Bxc5 Qxc5
21. b4 Qxe3 22. Rxe3 Rc3 23. Bxf5 Rc6 24. Bd3 Rc7 25. Rf1 g5 26. Rg3 h6 27. f4
Rg7 28. fxg5 Rxf1+ 29. Kxf1 Rxg5 30. Rxg5+ hxg5 31. Kf2 Kg7 32. Ke3 d4+ 33.
Kxd4 Bxg2 34. c4 bxc4 35. Bxc4 1-0

[Event "BPB Limburg open C"]
[Site "Maastricht"]
[Date "2014.06.09"]
[Round "6"]
[White "Muntean, Victor"]
[Black "Slangen Knuit, Dien"]
[Result "1-0"]
[WhiteElo "1138"]
[BlackElo "1073"]
[PlyCount "39"]
[EventDate "2014.06.06"]
[EventType "swiss"]
[EventRounds "7"]
[EventCountry "NED"]
[Source "P.Boonen"]
[SourceDate "2014.10.10"]

1. e4 e5 2. Nf3 d6 3. Bc4 h6 4. d4 exd4 5. Nxd4 Nf6 6. Nc3 Be7 7. O-O O-O 8.
Bf4 a6 9. e5 dxe5 10. Bxe5 Nbd7 11. Bxf6 Nxf6 12. Re1 c5 13. Nf3 Qb6 14. Rxe7
Be6 15. Nd5 Bxd5 16. Bxd5 Rad8 17. c4 Qd6 18. Rxb7 Nxd5 19. Qxd5 Qe7 20. Rxe7
1-0

[Event "BPB Limburg open C"]
[Site "Maastricht"]
[Date "2014.06.09"]
[Round "6"]
[White "Nguyen, Sang"]
[Black "De Geest, Jan"]
[Result "1-0"]
[WhiteElo "1334"]
[BlackElo "1661"]
[PlyCount "69"]
[EventDate "2014.06.06"]
[EventType "swiss"]
[EventRounds "7"]
[EventCountry "NED"]
[Source "P.Boonen"]
[SourceDate "2014.10.10"]

1. d4 Nf6 2. c4 e5 3. d5 Bc5 4. e3 d6 5. Nc3 a6 6. b4 Ba7 7. Bd3 Nbd7 8. Nge2
c6 9. dxc6 bxc6 10. Be4 Qc7 11. b5 Bb7 12. a4 Nc5 13. Bxc6+ Bxc6 14. bxc6 Qxc6
15. Nd5 Nxd5 16. cxd5 Qd7 17. O-O O-O 18. Bd2 Rab8 19. a5 f5 20. Nc3 Nd3 21.
Qc2 e4 22. Rfb1 Rxb1+ 23. Rxb1 Nxf2 24. Kxf2 f4 25. Ke1 fxe3 26. Bc1 Rf2 27.
Qxe4 Qf7 28. Qe6 Rf1+ 29. Ke2 Rf2+ 30. Kd3 Qxe6 31. dxe6 e2 32. Nxe2 Kf8 33.
e7+ Ke8 34. Rb7 Bc5 35. Bg5 1-0

[Event "BPB Limburg open C"]
[Site "Maastricht"]
[Date "2014.06.09"]
[Round "6"]
[White "Parren, Ashley"]
[Black "Steinhart, Roel"]
[Result "1/2-1/2"]
[WhiteElo "1405"]
[BlackElo "1564"]
[PlyCount "73"]
[EventDate "2014.06.06"]
[EventType "swiss"]
[EventRounds "7"]
[EventCountry "NED"]
[Source "P.Boonen"]
[SourceDate "2014.10.10"]

1. e4 e5 2. Nf3 Qf6 3. Bc4 Bc5 4. d3 d6 5. h3 c6 6. Bg5 Qg6 7. Qd2 f6 8. Nc3
fxg5 9. Nxg5 Nh6 10. O-O-O Rf8 11. Rdf1 Bb6 12. f4 Bd8 13. g3 exf4 14. gxf4
Rxf4 15. Nf3 Rf8 16. Rhg1 Qh5 17. Rxg7 Qxh3 18. Rf2 Rxf3 19. Rxf3 Qxf3 20. Qxh6
Bf6 21. Rg8+ Kd7 22. Qxh7+ Be7 23. Rg7 Qf6 24. Rg6 Qf4+ 25. Kd1 Qh4 26. Qf7
Qh1+ 27. Kd2 Qh2+ 28. Ne2 Qe5 29. Be6+ Kc7 30. Qxe7+ Bd7 31. Qf6 Qa5+ 32. Nc3
Bxe6 33. Qxe6 Qe5 34. Qxe5 dxe5 35. Rg7+ Nd7 36. Na4 b6 37. c4 1/2-1/2

[Event "BPB Limburg open C"]
[Site "Maastricht"]
[Date "2014.06.09"]
[Round "6"]
[White "Reichardt, Monica"]
[Black "Seip, Theo"]
[Result "1/2-1/2"]
[WhiteElo "1447"]
[BlackElo "1530"]
[PlyCount "58"]
[EventDate "2014.06.06"]
[EventType "swiss"]
[EventRounds "7"]
[EventCountry "NED"]
[Source "P.Boonen"]
[SourceDate "2014.10.10"]

1. e4 c5 2. Nc3 d6 3. Bc4 Nf6 4. f4 Nc6 5. Nf3 Bg4 6. O-O a6 7. a4 e6 8. Be2
Be7 9. d3 O-O 10. Ng5 Bxe2 11. Nxe2 h6 12. Nf3 b5 13. axb5 axb5 14. Bd2 Qb6 15.
Kh1 Qb7 16. c3 Rxa1 17. Qxa1 Ra8 18. Qb1 b4 19. e5 Nd5 20. d4 Qa6 21. Ng3 dxe5
22. fxe5 Qa2 23. Ne4 Qxb1 24. Rxb1 cxd4 25. cxd4 Ra2 26. Rc1 Na7 27. Rb1 Nb5
28. Nf2 f6 29. Nd3 f5 1/2-1/2

[Event "BPB Limburg open C"]
[Site "Maastricht"]
[Date "2014.06.09"]
[Round "6"]
[White "Reusink, Hans"]
[Black "Ulburghs, Piet"]
[Result "0-1"]
[WhiteElo "1553"]
[BlackElo "1683"]
[PlyCount "74"]
[EventDate "2014.06.06"]
[EventType "swiss"]
[EventRounds "7"]
[EventCountry "NED"]
[Source "P.Boonen"]
[SourceDate "2014.10.10"]

1. e4 c5 2. Nc3 e6 3. f4 Nc6 4. Nf3 Be7 5. Bb5 Qc7 6. O-O a6 7. Be2 b5 8. d3
Bb7 9. Qe1 d6 10. Qg3 g6 11. Be3 Nf6 12. f5 Nd7 13. fxe6 fxe6 14. Ng5 Bxg5 15.
Bxg5 Nde5 16. Rf2 Nd4 17. Bd1 Kd7 18. Ne2 Ndc6 19. c3 Raf8 20. Bf6 Rhg8 21. Bb3
c4 22. dxc4 bxc4 23. Ba4 Nd3 24. Nd4 Nxf2 25. Qxf2 e5 26. Nc2 Ke6 27. Rf1 Qf7
28. Qh4 Kd7 29. Ne3 Qe6 30. Nd5 Rf7 31. g4 Rgf8 32. g5 Kc8 33. b4 Kb8 34. Qf2
Qg4+ 35. Kh1 Qxe4+ 36. Qf3 Qxf3+ 37. Rxf3 Nxb4 0-1

[Event "BPB Limburg open C"]
[Site "Maastricht"]
[Date "2014.06.09"]
[Round "6"]
[White "Reyskens, Jules"]
[Black "Decruyenaere, Robbert"]
[Result "0-1"]
[WhiteElo "1719"]
[BlackElo "1526"]
[PlyCount "124"]
[EventDate "2014.06.06"]
[EventType "swiss"]
[EventRounds "7"]
[EventCountry "NED"]
[Source "P.Boonen"]
[SourceDate "2014.10.10"]

1. e4 e6 2. d4 d5 3. Nc3 Bb4 4. Nge2 dxe4 5. a3 Bxc3+ 6. Nxc3 Nf6 7. Bg5 Nbd7
8. Nxe4 h6 9. Nxf6+ Nxf6 10. Bh4 O-O 11. Bd3 b6 12. Qf3 Rb8 13. Bxf6 Qxf6 14.
Qxf6 gxf6 15. O-O-O Bb7 16. Rd2 f5 17. Rg1 Kh8 18. f4 Rbd8 19. Be2 Rg8 20. g3
Rd6 21. b4 Rdd8 22. c3 Ra8 23. c4 a5 24. b5 Rad8 25. Rgd1 Rd7 26. c5 Bd5 27.
Kb2 Rc8 28. c6 Rdd8 29. Kc3 Rg8 30. Rf1 Rcd8 31. a4 Kg7 32. g4 fxg4 33. Bxg4
Kf8 34. h3 h5 35. Bxh5 Bg2 36. Rff2 Bxh3 37. Bd1 Bf5 38. Rg2 Ke7 39. Bf3 Rh8
40. Rh2 Rxh2 41. Rxh2 Rg8 42. Bd1 Rg3+ 43. Kb2 Rd3 44. Bc2 Rxd4 45. Bxf5 exf5
46. Re2+ Kd8 47. Kc3 Rxf4 48. Rd2+ Ke8 49. Rd7 Rxa4 50. Rxc7 Rb4 51. Rc8+ Ke7
52. Rc7+ Kd8 53. Rd7+ Kc8 54. Rd5 f4 55. Rf5 f3 56. Re5 f2 57. Re8+ Kc7 58.
Re7+ Kd8 59. c7+ Kc8 60. Rxf7 Rxb5 61. Rxf2 Kxc7 62. Rf7+ Kd6 0-1

[Event "BPB Limburg open C"]
[Site "Maastricht"]
[Date "2014.06.09"]
[Round "6"]
[White "Roemhild, Wolfgang"]
[Black "Godding, Mick"]
[Result "0-1"]
[WhiteElo "1743"]
[BlackElo "1616"]
[PlyCount "116"]
[EventDate "2014.06.06"]
[EventType "swiss"]
[EventRounds "7"]
[EventCountry "NED"]
[Source "P.Boonen"]
[SourceDate "2014.10.10"]

1. e4 d5 2. Nc3 d4 3. Nce2 Nc6 4. d3 e5 5. a3 Nf6 6. Ng3 Ne7 7. Be2 Ng6 8. Nf3
Be7 9. O-O O-O 10. h3 a5 11. Nh2 Kh8 12. Nf5 Ra6 13. Ng4 Ng8 14. g3 Bg5 15. f4
exf4 16. gxf4 Bf6 17. Ng3 Bh4 18. Kg2 Bxg3 19. Kxg3 Qh4+ 20. Kg2 f5 21. exf5
Bxf5 22. Qe1 h5 23. Rh1 Qxe1 24. Rxe1 hxg4 25. hxg4 Bxg4 26. Bxg4 Nxf4+ 27.
Bxf4 Rxf4 28. Kg3 Raf6 29. Re8 Kh7 30. Rh1+ Nh6 31. Re4 Rf2 32. Rxd4 Rxc2 33.
Bf3 Rxb2 34. Be4+ Kg8 35. Rd8+ Kf7 36. Rd7+ Ke6 37. Rxc7 Nf5+ 38. Bxf5+ Rxf5
39. Rxg7 Rb3 40. Rh6+ Rf6 41. Rxf6+ Kxf6 42. Rd7 Ke6 43. Rd8 Rxa3 44. Kf3 a4
45. Ke4 b5 46. Rb8 Rb3 47. Rb6+ Kd7 48. d4 a3 49. Kd5 b4 50. Rb7+ Kc8 51. Ra7
Kb8 52. Ra4 Rb2 53. Kc4 a2 54. d5 b3 55. d6 Rb1 56. Kd5 a1=Q 57. Rb4+ Kc8 58.
Rc4+ Kd8 0-1

[Event "BPB Limburg open C"]
[Site "Maastricht"]
[Date "2014.06.09"]
[Round "6"]
[White "Schelleman, Iris"]
[Black "De Mon, Gino"]
[Result "0-1"]
[WhiteElo "1656"]
[BlackElo "1744"]
[PlyCount "58"]
[EventDate "2014.06.06"]
[EventType "swiss"]
[EventRounds "7"]
[EventCountry "NED"]
[Source "P.Boonen"]
[SourceDate "2014.10.10"]

1. e4 c5 2. Nf3 d6 3. d4 cxd4 4. Nxd4 Nf6 5. Nc3 g6 6. Be3 Bg7 7. f3 O-O 8. Bc4
Nc6 9. Qd2 Bd7 10. O-O-O Rc8 11. Bb3 Ne5 12. Kb1 h5 13. h3 a5 14. a3 Nc4 15.
Bxc4 Rxc4 16. g4 Qb8 17. Rdg1 b5 18. gxh5 Nxh5 19. Rg5 b4 20. Nd5 e5 21. Ne2
bxa3 22. b3 a4 23. Ka2 Nf6 24. Nb6 Rc6 25. Nxd7 Nxd7 26. Rhg1 Rfc8 27. Rc1
Rxc2+ 28. Rxc2 Qxb3+ 29. Ka1 Rxc2 0-1

[Event "BPB Limburg open C"]
[Site "Maastricht"]
[Date "2014.06.09"]
[Round "6"]
[White "Schlepuetz, Volker"]
[Black "De Ridder, Yulian"]
[Result "1-0"]
[WhiteElo "1437"]
[BlackElo "1348"]
[PlyCount "57"]
[EventDate "2014.06.06"]
[EventType "swiss"]
[EventRounds "7"]
[EventCountry "NED"]
[Source "P.Boonen"]
[SourceDate "2014.10.10"]

1. d4 d5 2. c4 e6 3. Nc3 Nf6 4. Nf3 Bb4 5. Bd2 Nc6 6. e3 a6 7. a3 Bxc3 8. Bxc3
Bd7 9. cxd5 exd5 10. Bd3 Qe7 11. O-O Ne4 12. Rc1 Qe6 13. Qb3 b5 14. Nd2 Nxc3
15. Rxc3 Qd6 16. Rc5 Be6 17. Rfc1 Na5 18. Qc3 Nc4 19. b3 Nxd2 20. Qxd2 Rc8 21.
Qa5 Kd8 22. Rc6 Qd7 23. Qxa6 Ke7 24. Qxb5 Bf5 25. Qc5+ Kd8 26. Bxf5 Qxf5 27.
Rxc7 Rxc7 28. Qxc7+ Ke8 29. Qc8+ 1-0

[Event "BPB Limburg open C"]
[Site "Maastricht"]
[Date "2014.06.09"]
[Round "6"]
[White "Schrijvers, Kees"]
[Black "Conte, Roberto"]
[Result "1-0"]
[WhiteElo "1497"]
[BlackElo "1689"]
[PlyCount "37"]
[EventDate "2014.06.06"]
[EventType "swiss"]
[EventRounds "7"]
[EventCountry "NED"]
[Source "P.Boonen"]
[SourceDate "2014.10.10"]

1. d4 f5 2. c4 e6 3. Nf3 Nf6 4. Bg5 d6 5. Nc3 Nbd7 6. Qb3 h6 7. Bxf6 Nxf6 8. c5
dxc5 9. dxc5 Bxc5 10. Qb5+ Nd7 11. Ne5 Qh4 12. g3 Qd4 13. Nd3 a6 14. Qb3 Ne5
15. Nxc5 Qxc5 16. Bg2 Nc6 17. O-O Bd7 18. Na4 Qb4 19. Bxc6 1-0

[Event "BPB Limburg open C"]
[Site "Maastricht"]
[Date "2014.06.09"]
[Round "6"]
[White "Schulte, Philipp"]
[Black "Havenith, Julia"]
[Result "0-1"]
[WhiteElo "1417"]
[BlackElo "1570"]
[PlyCount "80"]
[EventDate "2014.06.06"]
[EventType "swiss"]
[EventRounds "7"]
[EventCountry "NED"]
[Source "P.Boonen"]
[SourceDate "2014.10.10"]

1. d4 Nf6 2. c4 g6 3. Nc3 Bg7 4. Bf4 d6 5. e3 O-O 6. Nf3 Nbd7 7. Qc2 Re8 8. Rd1
c6 9. e4 Qc7 10. d5 cxd5 11. cxd5 Nc5 12. Nd2 Bd7 13. Qb1 Nh5 14. Be3 Rac8 15.
Rc1 a6 16. Nf3 Bxc3+ 17. Rxc3 Qd8 18. Be2 Nf6 19. Nd2 b5 20. O-O e6 21. dxe6
Bxe6 22. Bg5 Ncd7 23. Rf3 Kg7 24. e5 dxe5 25. Ne4 Bf5 26. Rd1 Bxe4 27. Rxd7
Qxd7 28. Bxf6+ Kg8 29. Qxe4 Rc1+ 30. Bf1 Qd1 31. h3 Qxf1+ 32. Kh2 Rc4 33. Qb7
Rf4 34. Rxf4 exf4 35. Qxa6 Qxf2 36. Qxb5 Qg3+ 37. Kg1 Re1+ 38. Qf1 Rxf1+ 39.
Kxf1 Qd3+ 40. Ke1 f3 0-1

[Event "BPB Limburg open C"]
[Site "Maastricht"]
[Date "2014.06.09"]
[Round "6"]
[White "Smits, Marc"]
[Black "Heijenrath, Jan"]
[Result "0-1"]
[WhiteElo "1532"]
[BlackElo "1740"]
[PlyCount "74"]
[EventDate "2014.06.06"]
[EventType "swiss"]
[EventRounds "7"]
[EventCountry "NED"]
[Source "P.Boonen"]
[SourceDate "2014.10.10"]

1. e4 c5 2. Nf3 d6 3. Bd3 Nc6 4. c3 g6 5. Bc2 Bg7 6. O-O e6 7. d4 cxd4 8. cxd4
Nge7 9. Bg5 Qb6 10. Be3 Qc7 11. Nc3 O-O 12. Qd2 a6 13. Rac1 b5 14. Bh6 Bb7 15.
Bxg7 Kxg7 16. Qe3 Rac8 17. h4 e5 18. d5 Nd8 19. g4 Qc5 20. Qg5 f6 21. Qd2 Nf7
22. g5 fxg5 23. hxg5 Nh8 24. Bd1 Qb6 25. a3 Rf4 26. Nxe5 dxe5 27. d6 Rd8 28.
dxe7 Rxd2 29. e8=Q Nf7 30. Nd5 Bxd5 31. Rc8 Nxg5 32. Qxe5+ Qf6 33. Rc7+ Bf7 34.
Qxf6+ Kxf6 35. Rc6+ Kg7 36. e5 Nh3+ 37. Kg2 Bd5+ 0-1

[Event "BPB Limburg open C"]
[Site "Maastricht"]
[Date "2014.06.09"]
[Round "6"]
[White "Sprong, Ton"]
[Black "Hammers, Michael"]
[Result "1-0"]
[WhiteElo "1738"]
[BlackElo "1604"]
[PlyCount "127"]
[EventDate "2014.06.06"]
[EventType "swiss"]
[EventRounds "7"]
[EventCountry "NED"]
[Source "P.Boonen"]
[SourceDate "2014.10.10"]

1. b4 e5 2. b5 d6 3. c4 Be6 4. e3 Nf6 5. Nc3 Nbd7 6. Nf3 Be7 7. Qc2 Nb6 8. d3
O-O 9. Bb2 a6 10. a4 axb5 11. cxb5 Nbd7 12. Be2 Nc5 13. Nd2 b6 14. Bf3 Ra7 15.
d4 exd4 16. exd4 Nb7 17. Bxb7 Rxb7 18. O-O d5 19. Nf3 h6 20. Ne5 Bd6 21. Nc6
Qd7 22. Qb3 Ng4 23. f4 Ne3 24. Rf2 f6 25. Ba3 Bxa3 26. Qxa3 Nc4 27. Qb4 Qd6 28.
Qxd6 Nxd6 29. Nxd5 Bxd5 30. Ne7+ Kh7 31. Nxd5 Nf5 32. Rc1 Rd8 33. Rxc7 Rxc7 34.
Nxc7 Rxd4 35. Ra2 Rd7 36. Ne6 Rd6 37. Nc7 Rd7 38. Na6 Ne3 39. Nb8 Rd4 40. Ra3
Nc4 41. Ra2 Na5 42. g3 Kg6 43. Kf2 Kf5 44. Ke3 Rd8 45. Nc6 Nxc6 46. bxc6 Rc8
47. a5 Rxc6 48. a6 Rc8 49. a7 Ra8 50. Ra6 Ke6 51. Rxb6+ Kd5 52. Rb7 g5 53. g4
Kd6 54. Rf7 Ke6 55. Rh7 Kd5 56. h3 Ke6 57. Ke4 gxf4 58. Kxf4 h5 59. Rb7 hxg4
60. hxg4 f5 61. g5 Kd6 62. Kxf5 Kc6 63. Rf7 Rg8 64. g6 1-0

[Event "BPB Limburg open C"]
[Site "Maastricht"]
[Date "2014.06.09"]
[Round "6"]
[White "Stiefel, Marika"]
[Black "Oxener, Aldo"]
[Result "0-1"]
[WhiteElo "1621"]
[BlackElo "1506"]
[PlyCount "52"]
[EventDate "2014.06.06"]
[EventType "swiss"]
[EventRounds "7"]
[EventCountry "NED"]
[Source "P.Boonen"]
[SourceDate "2014.10.10"]

1. d4 f5 2. g3 Nf6 3. Bg2 e6 4. b3 d5 5. e3 Bd6 6. Ba3 b6 7. Bxd6 Qxd6 8. Nf3
Ba6 9. Nbd2 Ne4 10. Nxe4 fxe4 11. Nd2 O-O 12. Bf1 Bxf1 13. Rxf1 Nd7 14. Qe2 Qa3
15. f4 c5 16. Qh5 Nf6 17. Qe2 cxd4 18. exd4 Qb2 19. Kf2 Qxd4+ 20. Kg2 Rac8 21.
Qd1 Rc3 22. Kh3 e3 23. Ne4 Qxd1 24. Nxf6+ Rxf6 25. Rfxd1 Rxc2 26. a3 Rh6+ 0-1

[Event "BPB Limburg open C"]
[Site "Maastricht"]
[Date "2014.06.09"]
[Round "6"]
[White "Ten Have, Dimitri"]
[Black "Schelleman, Niels"]
[Result "0-1"]
[WhiteElo "1041"]
[BlackElo "1521"]
[PlyCount "152"]
[EventDate "2014.06.06"]
[EventType "swiss"]
[EventRounds "7"]
[EventCountry "NED"]
[Source "P.Boonen"]
[SourceDate "2014.10.10"]

1. d4 d5 2. e4 dxe4 3. Nc3 Nf6 4. f3 exf3 5. Qxf3 Qxd4 6. Be3 Qg4 7. O-O-O a6
8. Be2 Qxf3 9. Nxf3 Nc6 10. Bd3 Bd7 11. Bc4 Bg4 12. Rhf1 e6 13. h3 Bxf3 14.
Rxf3 Be7 15. Rg3 Nh5 16. Rf3 Ne5 17. Be2 Nxf3 18. Bxf3 Nf6 19. Bxb7 Rd8 20.
Bc6+ Kf8 21. Rf1 Bb4 22. Na4 Nd5 23. Bg1 Rd6 24. Bb7 Ke7 25. a3 Bd2+ 26. Kxd2
Nb6+ 27. Kc1 Nxa4 28. b3 Rb8 29. Bf3 Nc3 30. Bc5 Nb5 31. Bxd6+ cxd6 32. a4 Nd4
33. Bd1 f6 34. Kb2 Nf5 35. Bg4 Ne3 36. Rf4 e5 37. Rf2 Nxg4 38. hxg4 h6 39. Kc3
d5 40. Rd2 Ke6 41. b4 Rc8+ 42. Kb3 d4 43. b5 a5 44. Rd3 Kd5 45. c3 Ke4 46. Kc2
Rc4 47. b6 Rc6 48. Rd1 Rxb6 49. cxd4 exd4 50. Re1+ Kf4 51. Re7 g5 52. Kd3 Rb4
53. Rf7 Kxg4 54. Rxf6 h5 55. Ke4 Rxa4 56. Rf1 Rb4 57. g3 a4 58. Ra1 h4 59. gxh4
gxh4 60. Rg1+ Kh5 61. Kf5 Rb5+ 62. Ke4 h3 63. Kxd4 Kh4 64. Kc4 Rb3 65. Ra1 h2
66. Rxa4 Rb1 67. Kc3+ Kg3 68. Ra8 h1=Q 69. Rg8+ Kf2 70. Kc2 Qc1+ 71. Kd3 Qa3+
72. Ke4 Rb4+ 73. Kf5 Qa5+ 74. Kg6 Rb6+ 75. Kh7 Qa7+ 76. Kh8 Rh6# 0-1

[Event "BPB Limburg open C"]
[Site "Maastricht"]
[Date "2014.06.09"]
[Round "6"]
[White "Uiterwijk, Jos"]
[Black "Chappin, Rene"]
[Result "1-0"]
[WhiteElo "1606"]
[BlackElo "1668"]
[PlyCount "101"]
[EventDate "2014.06.06"]
[EventType "swiss"]
[EventRounds "7"]
[EventCountry "NED"]
[Source "P.Boonen"]
[SourceDate "2014.10.10"]

1. e4 c6 2. d4 d5 3. exd5 cxd5 4. Nf3 Nf6 5. Be2 Nc6 6. O-O Bg4 7. c3 e6 8. Bg5
Be7 9. Nbd2 O-O 10. Re1 Rc8 11. h3 Bh5 12. Rc1 Nd7 13. Bxe7 Qxe7 14. Nh2 Bxe2
15. Qxe2 Nb6 16. Ng4 Nd7 17. Ne3 a6 18. Nxd5 Qd6 19. Ne3 b5 20. a3 Nb6 21. Red1
f5 22. Re1 Rf6 23. Rcd1 Rcf8 24. Nf3 Qf4 25. Nf1 Rg6 26. Qe3 Qd6 27. Ne5 Nd5
28. Qf3 Rh6 29. Nxc6 Qxc6 30. Ne3 Qd7 31. Nxd5 exd5 32. Re5 Rd6 33. Rde1 Qf7
34. Qf4 Rd7 35. R1e3 g6 36. Re2 Kg7 37. g3 h6 38. h4 Kh7 39. R2e3 Rg8 40. Re2
g5 41. hxg5 Rxg5 42. Kg2 Rb7 43. f3 Rd7 44. Re6 Ra7 45. Rd6 Re7 46. Rxe7 Qxe7
47. Qe5 Qf7 48. Qxd5 Qf8 49. Qb7+ Kh8 50. Rxa6 Rg8 51. Qc6 1-0

[Event "BPB Limburg open C"]
[Site "Maastricht"]
[Date "2014.06.09"]
[Round "6"]
[White "Van Dael, Siem"]
[Black "Krug, Franz Dieter"]
[Result "1-0"]
[WhiteElo "1587"]
[BlackElo "1596"]
[PlyCount "86"]
[EventDate "2014.06.06"]
[EventType "swiss"]
[EventRounds "7"]
[EventCountry "NED"]
[Source "P.Boonen"]
[SourceDate "2014.10.10"]

1. e4 e5 2. Nf3 d6 3. Bc4 h6 4. d4 exd4 5. Nxd4 Nd7 6. f4 Ngf6 7. Nc3 Nc5 8. e5
Nfe4 9. Nxe4 Nxe4 10. O-O d5 11. Bb5+ c6 12. Bd3 Bc5 13. Bxe4 dxe4 14. c3 Bf5
15. Kh1 Bh7 16. e6 Bxd4 17. exf7+ Kxf7 18. Qb3+ Ke7 19. Qxb7+ Qd7 20. Qxd7+
Kxd7 21. cxd4 Kd6 22. b3 g6 23. Bb2 Kd5 24. Rac1 Rhc8 25. Rc5+ Kd6 26. Ba3 Kc7
27. Rfc1 Kb7 28. Re5 Re8 29. h4 Bg8 30. h5 Bf7 31. hxg6 Rxe5 32. dxe5 Bxg6 33.
g4 Bf7 34. Kh2 Rd8 35. Bd6 Bd5 36. Kg3 Rg8 37. Rh1 Rh8 38. f5 Rh7 39. Kf4 e3
40. Re1 h5 41. Rxe3 h4 42. Rh3 Bg2 43. Rh2 Kc8 1-0

[Event "BPB Limburg open C"]
[Site "Maastricht"]
[Date "2014.06.09"]
[Round "6"]
[White "Van Roon, Sjoerd"]
[Black "Loutragotis, Dimitri"]
[Result "1-0"]
[WhiteElo "1646"]
[BlackElo "1340"]
[PlyCount "50"]
[EventDate "2014.06.06"]
[EventType "swiss"]
[EventRounds "7"]
[EventCountry "NED"]
[Source "P.Boonen"]
[SourceDate "2014.10.10"]

1. e4 c5 2. Nf3 d6 3. d4 cxd4 4. Nxd4 Nf6 5. Nc3 a6 6. Be2 b5 7. f3 Bb7 8. a3
g6 9. Be3 Bg7 10. Qd2 h5 11. O-O-O Nc6 12. h3 h4 13. Nxc6 Bxc6 14. Qe1 Qa5 15.
Nd5 Qxe1 16. Rhxe1 Nxd5 17. exd5 Bb7 18. Bg5 Bh6 19. Bxh6 Rxh6 20. f4 Rc8 21.
Rd3 Rc5 22. Bf3 f5 23. Ree3 Rc8 24. c3 Kf7 25. Kd2 Rhh8 {.....} 1-0

[Event "BPB Limburg open C"]
[Site "Maastricht"]
[Date "2014.06.09"]
[Round "6"]
[White "Van der Hoeven, Carsten"]
[Black "Beukema, Constantijn"]
[Result "1-0"]
[WhiteElo "1366"]
[BlackElo "1000"]
[PlyCount "47"]
[EventDate "2014.06.06"]
[EventType "swiss"]
[EventRounds "7"]
[EventCountry "NED"]
[Source "P.Boonen"]
[SourceDate "2014.10.10"]

1. e4 e5 2. Nf3 Nc6 3. Bc4 Bc5 4. d3 h6 5. Be3 Bb6 6. Nc3 Nf6 7. Qd2 d6 8. h3
Be6 9. Bb5 a6 10. Ba4 Bxe3 11. fxe3 b5 12. Bb3 d5 13. exd5 Bxd5 14. Nxd5 Nxd5
15. e4 Nf6 16. Qc3 Qd6 17. O-O-O Nd4 18. Nxd4 exd4 19. Qd2 c5 20. e5 Qc6 21.
exf6 c4 22. fxg7 Rg8 23. dxc4 bxc4 24. Rhe1+ 1-0

[Event "BPB Limburg open C"]
[Site "Maastricht"]
[Date "2014.06.09"]
[Round "6"]
[White "Vande Ginste, Michiel"]
[Black "Heman, Frans"]
[Result "1/2-1/2"]
[WhiteElo "1503"]
[BlackElo "1549"]
[PlyCount "67"]
[EventDate "2014.06.06"]
[EventType "swiss"]
[EventRounds "7"]
[EventCountry "NED"]
[Source "P.Boonen"]
[SourceDate "2014.10.10"]

1. b3 f5 2. Bb2 Nf6 3. Nf3 d6 4. d4 g6 5. e3 Bg7 6. c4 O-O 7. Nc3 b6 8. Bd3 Nc6
9. O-O Nb4 10. Bb1 a5 11. a3 Na6 12. d5 Nc5 13. Nd4 Bd7 14. Ncb5 e5 15. Nf3
Bxb5 16. cxb5 Nfe4 17. b4 axb4 18. axb4 Rxa1 19. Bxa1 Nd7 20. Bxe4 fxe4 21. Nd2
Nf6 22. Qc2 Qd7 23. Qc4 Kh8 24. Bb2 Qf7 25. Nxe4 Nxd5 26. Ng5 Qf5 27. Nxh7 Nxe3
28. Qh4 Qh5 29. Qxh5 gxh5 30. fxe3 Rxf1+ 31. Kxf1 Kxh7 32. e4 Kg6 33. h4 Bf6
34. g3 1/2-1/2

[Event "BPB Limburg open C"]
[Site "Maastricht"]
[Date "2014.06.09"]
[Round "6"]
[White "Vandevelde, Luc"]
[Black "Staudt, Sascha"]
[Result "1/2-1/2"]
[WhiteElo "1534"]
[BlackElo "1377"]
[PlyCount "99"]
[EventDate "2014.06.06"]
[EventType "swiss"]
[EventRounds "7"]
[EventCountry "NED"]
[Source "P.Boonen"]
[SourceDate "2014.10.10"]

1. e4 c6 2. d4 d5 3. Nd2 Nd7 4. e5 Nb6 5. c3 Bf5 6. Ne2 e6 7. Ng3 Bg6 8. Be2 c5
9. h4 h6 10. h5 Bh7 11. Nf3 a5 12. Bb5+ Nd7 13. a4 cxd4 14. cxd4 Rc8 15. O-O
Bb4 16. Bd2 Bxd2 17. Qxd2 Rc2 18. Bxd7+ Qxd7 19. Qxa5 Rxb2 20. Rfc1 Ne7 21. Qc3
Rb6 22. Qc5 Ra6 23. Qc7 Nc6 24. Qxd7+ Kxd7 25. Ne2 Rha8 26. Nc3 b5 27. Nxb5
Rxa4 28. Rxa4 Rxa4 29. Nd6 Nxd4 30. Nxd4 Rxd4 31. Ra1 Rh4 32. Ra7+ Kc6 33. Rxf7
Rxh5 34. f4 Be4 35. Nxe4 dxe4 36. Rxg7 Rh4 37. g3 Rh3 38. Kg2 Rh5 39. g4 Rh4
40. f5 exf5 41. gxf5 Rh5 42. f6 Rxe5 43. f7 Rf5 44. Rg6+ Kd7 45. Rxh6 Rxf7 46.
Rh4 Re7 47. Kf2 Kd6 48. Ke3 Kd5 49. Rh5+ Kc4 50. Rf5 1/2-1/2